Statistics for Pantera Songs

Click here to take the quiz!

General Stats

  • This quiz has been taken 61 times
  • The average score is 49 of 99

Answer Stats

AlbumSong% Correct
Cowboys from Hell (1990)Cowboys from Hell
100%
Cowboys from Hell (1990)Domination
100%
Reinventing the Steel (2000)Revolution Is My Name
100%
Cowboys from Hell (1990)Cemetery Gates
90%
The Great Southern Trendkill (1996)Floods
90%
Cowboys from Hell (1990)Medicine Man
90%
Vulgar Display of Power (1992)Mouth for War
90%
Far Beyond Driven (1994)Planet Caravan
90%
Cowboys from Hell (1990)Primal Concrete Sledge
90%
Cowboys from Hell (1990)Psycho Holiday
90%
Vulgar Display of Power (1992)Rise
90%
Cowboys from Hell (1990)Shattered
90%
The Great Southern Trendkill (1996)Suicide Note Pt . I
90%
The Great Southern Trendkill (1996)Suicide Note Pt. II
90%
Cowboys from Hell (1990)The Art of Shredding
90%
The Great Southern Trendkill (1996)The Great Southern Trendkill
90%
Vulgar Display of Power (1992)This Love
90%
Vulgar Display of Power (1992)Walk
90%
The Great Southern Trendkill (1996)10's
80%
Far Beyond Driven (1994)5 Minutes Alone
80%
Vulgar Display of Power (1992)By Demons Be Driven
80%
Reinventing the Steel (2000)Death Rattle
80%
Vulgar Display of Power (1992)Fucking Hostile
80%
Reinventing the Steel (2000)Hellbound
80%
Far Beyond Driven (1994)I'm Broken
80%
Vulgar Display of Power (1992)No Good (Attack the Radical)
80%
Vulgar Display of Power (1992)Piss
80%
Cowboys from Hell (1990)The Sleep
80%
The Great Southern Trendkill (1996)War Nerve
80%
The Great Southern Trendkill (1996)13 Steps to Nowhere
70%
Vulgar Display of Power (1992)A New Level
70%
The Great Southern Trendkill (1996)Drag the Waters
70%
Cowboys from Hell (1990)Heresy
70%
Vulgar Display of Power (1992)Hollow
70%
Vulgar Display of Power (1992)Live in a Hole
70%
Power Metal (1988)Power Metal
70%
Vulgar Display of Power (1992)Regular People (Conceit)
70%
Far Beyond Driven (1994)Strength Beyond Strength
70%
Reinventing the Steel (2000)We'll Grind That Axe for a Long Time
70%
Reinventing the Steel (2000)Yesterday Don't Mean Shit
70%
Far Beyond Driven (1994)Becoming
60%
Far Beyond Driven (1994)Good Friends and a Bottle of Pills
60%
Reinventing the Steel (2000)I'll Cast a Shadow
60%
Cowboys from Hell (1990)Message in Blood
60%
The Great Southern Trendkill (1996)(Reprise) Sandblasted Skin
60%
Far Beyond Driven (1994)Shedding Skin
60%
The Great Southern Trendkill (1996)The Underground in America
60%
Far Beyond Driven (1994)Throes of Rejection
60%
Reinventing the Steel (2000)Uplift
60%
Far Beyond Driven (1994)25 Years
50%
Cowboys from Hell (1990)Clash with Reality
50%
Reinventing the Steel (2000)Goddamn Electric
50%
I Am the Night (1985)I Am the Night
50%
Reinventing the Steel (2000)It Makes Them Disappear
50%
The Great Southern Trendkill (1996)Living Through Me (Hells' Wrath)
50%
Metal Magic (1983)Metal Magic
50%
Far Beyond Driven (1994)Slaughtered
50%
Far Beyond Driven (1994)Use My Third Arm
50%
I Am the Night (1985)Down Below
40%
Power Metal (1988)Down Below
40%
Far Beyond Driven (1994)Hard Lines, Sunken Cheeks
40%
Power Metal (1988)Proud to Be Loud
40%
Reinventing the Steel (2000)You've Got to Belong to It
40%
Power Metal (1988)Burnnn!
30%
Power Metal (1988)Hard Ride
30%
Reinventing the Steel (2000)Hole in the Sky
30%
Projects in the Jungle (1984)Projects in the Jungle
30%
Power Metal (1988)P*S*T*88
30%
Metal Magic (1983)Ride My Rocket
30%
Power Metal (1988)We'll Meet Again
30%
Power Metal (1988)Rock the World
20%
Far Beyond Driven (1994)The Badge
20%
I Am the Night (1985)Come-On Eyes
10%
I Am the Night (1985)Daughters of the Queen
10%
Power Metal (1988)Death Trap
10%
I Am the Night (1985)Forever Tonight
10%
Projects in the Jungle (1984)Heavy Metal Rules!
10%
I Am the Night (1985)Hot and Heavy
10%
Metal Magic (1983)Latest Lover
10%
Projects in the Jungle (1984)Like Fire
10%
Metal Magic (1983)Nothin' On (But the Radio)
10%
I Am the Night (1985)Onward We Rock!
10%
Power Metal (1988)Over and Out
10%
Metal Magic (1983)Sad Lover
10%
Projects in the Jungle (1984)Takin' My Life
10%
Metal Magic (1983)Tell Me If You Want It
10%
I Am the Night (1985)Valhalla
10%
Metal Magic (1983)Widowmaker
10%
Projects in the Jungle (1984)All Over Tonight
0%
Metal Magic (1983)Biggest Part of Me
0%
Projects in the Jungle (1984)Blue Light Turnin' Red
0%
I Am the Night (1985)D*G*T*T*M (Darrell Goes to the Movies)
0%
Metal Magic (1983)I'll Be Alright
0%
Projects in the Jungle (1984)In Over My Head
0%
Projects in the Jungle (1984)Killers
0%
Projects in the Jungle (1984)Only a Heartbeat Away
0%
Projects in the Jungle (1984)Out for Blood
0%
I Am the Night (1985)Right on the Edge
0%
Metal Magic (1983)Rock Out!
0%

Score Distribution

Percentile by Number Answered

Percent of People with Each Score

Your Score History

You have not taken this quiz